Colorado Rockies 2024 Opening Day Lineup - Statistics

General Stats
  • This quiz has been taken 29 times
  • The average score is 7 of 10
Answer Stats
Position Player % Correct
SS Ezequiel Tovar
94%
3B Ryan McMahon
88%
RF Charlie Blackmon
82%
1B Kris Bryant
82%
CF Brenton Doyle
76%
LF Nolan Jones
76%
2B Brendan Rodgers
71%
C Elias Diaz
71%
SP Kyle Freeland
65%
DH Elehuris Montero
41%
No matching quizzes found
Score Distribution
Percent of People with Each Score
Percentile by Number Answered
Your Score History
You have not taken this quiz